| 000 | 00801nas a2200253 4500 | ||
|---|---|---|---|
| 001 | BR2010001839 | ||
| 003 | BR-BrBNA | ||
| 005 | 20231205114217.0 | ||
| 007 | ta | ||
| 008 | 230509b bl.|||p| |||| 00| 00por d | ||
| 040 |
_aBR-BrBNA _bpor _cBiblioteca Nacional de Agricultura |
||
| 041 | _a(Pt) | ||
| 072 | _aF30 | ||
| 100 | 1 | _aMartins Netto, D.A. | |
| 100 | 1 | _aSouza, I.R.P. de | |
| 100 | 1 | _aOliveira, A.C. de | |
| 245 | 1 | _aValidação da coleção núcleo de milho brasileira subgrupo endosperma dentado | |
| 650 | _aMILHO | ||
| 650 | _aVARIAÇÃO GENÉTICA | ||
| 650 | _aMARCADOR GENÉTICO | ||
| 773 | 0 |
_tRevista Brasileira de Milho e Sorgo (Brazil) _xISSN 1676-689X _g(Sep-Dec 2009), v. 8(3) p. 283-296 _wBR2010001839 |
|
| 909 |
_a202311 _bLúcia _c55 _dLúcia Elande |
||
| 942 |
_2AGRIS _n0 _cANA |
||
| 999 |
_c207621 _d207621 |
||